000 00893nam a22002291i 4500
001 000030471
003 RuMoIPM
005 20260505104605.0
008 130415s1948----ur | c rus
040 _aRuMoIPM
_brus
_ercr
041 1 _arus
_hger
080 _a51
080 _a531
080 _a517.95
100 1 _aРиман, Бернхард
245 1 _aСочинения
_cБ. Риман ; Пер. с нем. под ред., с предисл. и примеч. проф. В. Л. Гончарова
260 _aМосква
_aЛенинград
_bГостехиздат
_c1948
300 _a543 с., [1] л. портр.
_bчерт.
500 _aОбзорная статья В. Л. Гончарова "О научных работах Римана", с. 7-41
700 1 _aГончаров, Василий Леонидович
_eред.
_eавт. предисл.
942 _cBK
999 _c30471
_d30471